LEADER 04255 am 2200769 n 450 001 9910496017903321 005 20210709 010 $a2-84016-399-3 024 7 $a10.4000/books.pupo.9340 035 $a(CKB)4100000012012421 035 $a(FrMaCLE)OB-pupo-9340 035 $a(oapen)https://directory.doabooks.org/handle/20.500.12854/86528 035 $a(PPN)257806067 035 $a(EXLCZ)994100000012012421 100 $a20210901j|||||||| ||| 0 101 0 $afre 135 $auu||||||m|||| 181 $ctxt$2rdacontent 182 $cc$2rdamedia 183 $acr$2rdacarrier 200 12$aL?acce?s a? l?eau en Afrique $eVulne?rabilite?s, exclusions, re?siliences et nouvelles solidarite?s /$fDavid Blanchon, Barbara Casciarri 210 $aNanterre $cPresses universitaires de Paris Nanterre$d2021 215 $a1 online resource (264 p.) 225 1 $aEspace et justice 311 $a2-84016-336-5 330 $aEn 2019, près de 60 % de la population de l?Afrique subsaharienne n?a pas un accès minimal à l?eau, soit près de 800 millions de personnes. Même dans les pays les plus riches, comme l?a montré la crise de l?eau dans la ville du Cap en 2018, la situation est précaire et marquée par de fortes inégalités. Naturalisation ? le manque d?eau serait dû à la sécheresse ? et fatalisme ? la pénurie serait structurelle en Afrique ? dominent les discours. Il y a plus de 25 ans, la conférence internationale sur l?eau et l?environnement de Dublin de 1992, avait proposé un « modèle » mondial de gestion de l?eau, fondé sur la gestion intégrée des ressources en eau, les partenariats public-privé et la marchandisation de la ressource en eau. Mais ces politiques ont prouvé leurs limites en Afrique lorsqu?elles ont été appliquées dans des territoires où les configurations hydro-sociales étaient très différentes de celles des pays du Nord où elles avaient été pensées. Les douze chapitres de ce livre, regroupés autour de trois thèmes (compétitions, conflits et coopérations autour de l?accès et des usages de l?eau ; échelles et modalités de la gestion de l?eau ; justices et injustices) montrent, au contraire, l?émergence de nouvelles conditions diversifiées d?accès à la ressource, qui reposent sur des formes de solidarités anciennes ou émergentes, et qui intègrent les configurations hydro-sociales locales. L?objectif de cet ouvrage est d?explorer, à partir de situations concrètes fondées sur des données empiriques récentes, ces formes nouvelles d?organisation, et de voir dans quelle mesure elles pourraient apporter des solutions alternatives aux nombreux problèmes actuels liées à l?accès inégal à l?eau en Afrique. 606 $aEnvironmental Studies 606 $aGeography 606 $aenvironnement 606 $aeau 606 $agéographie 606 $aAfrique 610 $aenvironnement 610 $aeau 610 $agéographie 610 $aAfrique 615 4$aEnvironmental Studies 615 4$aGeography 615 4$aenvironnement 615 4$aeau 615 4$agéographie 615 4$aAfrique 700 $aAnziani-Vente$b Morgane$01312325 701 $aAubriot$b Olivia$01237110 701 $aBaron$b Catherine$01289545 701 $aBlanchon$b David$01287584 701 $aBourblanc$b Magalie$01312326 701 $aCasciarri$b Barbara$01182263 701 $aDel Vecchio$b Kévin$01312327 701 $aDeshayes$b Clément$01312328 701 $aDe Donato$b Anita$01312329 701 $aFautras$b Mathilde$01312330 701 $aFernandez$b Sara$01312331 701 $aGaudin$b Alexandre$01312332 701 $aM. Harris$b Leila$01312333 701 $aNguimalet$b Cyriaque-Rufin$01312334 701 $aRouillé-Kielo$b Gaële$01296569 701 $aRousselot$b Yannick$01312335 701 $aStaro$b Francesco$01312336 701 $aValette$b Héloïse$01312337 701 $aBlanchon$b David$01287584 701 $aCasciarri$b Barbara$01182263 801 0$bFR-FrMaCLE 906 $aBOOK 912 $a9910496017903321 996 $aL?acce?s a? l?eau en Afrique$93030837 997 $aUNINA LEADER 01713nas 2200361 n 450 001 990008901510403321 005 20240229084538.0 035 $a000890151 035 $aFED01000890151 035 $a(Aleph)000890151FED01 035 $a000890151 091 $2CNR$aPT02338379 100 $a20161109cuuuuuuuukm-y0itaa50------ba 101 0 $aeng 102 $aUS 110 $aauu-------- 200 1 $aAnnual Report of the Hawaii Agricultural Experiment Station 207 1$a0-0 210 $aWashington$cUSDA 440 0$1001000903968$12001$aReport of the Hawaii Agricultural Experiment Station 530 0 $aAnnual Report of the Hawaii Agricultural Experiment Station 675 $a574 712 02$aStati Uniti d'America.$bDepartment of Agriculture 801 0$aIT$bACNP$c20090723 859 4 $uhttp://acnp.cib.unibo.it/cgi-ser/start/it/cnr/dc-p1.tcl?catno=2338379&person=false&language=ITALIANO&libr=&libr_th=unina1$zBiblioteche che possiedono il periodico 901 $aSE 912 $a990008901510403321 958 $aBiblioteca del Dipartimento di Entomologia e Zoologia Agraria dell'Università degli Studi di Napoli Federico II$b1906-1907;1909;1912;$fDAGEN 959 $aDAGEN 996 $aAnnual Report of the Hawaii Agricultural Experiment Station$9800932 997 $aUNINA AP1 8 $6866-01$aNA219 Biblioteca del Dipartimento di Entomologia e Zoologia Agraria dell'Università degli Studi di Napoli Federico II$eVia Università, 100, 80055 Portici (NA)$m0812539188$m0817755145$nit AP2 40$aacnp.cib.unibo.it$nACNP Italian Union Catalogue of Serials$uhttp://acnp.cib.unibo.it/cgi-ser/start/it/cnr/df-p.tcl?catno=2338379&language=ITALIANO&libr=&person=&B=1&libr_th=unina&proposto=NO